• 首页
  • 本馆介绍
  • 公告通知
  • 最新文献
  • 馆藏检索
  • 电子资源
  • 读者导购
  • 参考咨询
  • 我的图书馆
  • 登录
  • 详细信息显示
  • 放入我的书架
  • 预约/预借图书
  • 作者相关作品
  • 分类相关作品
  • 丛书相关作品
  • 出版社相关作品

书目信息

  • 表格格式
  • 工作单格式
  • 卡片格式
题名:
旅游资源开发
    
 
作者: 马耀峰 编
分册:  
出版信息: 北京   科学出版社  2007.10
页数:
开本: 16开
丛书名:
单 册:
中图分类: F590-3
科图分类:
主题词: 旅游经济
电子资源:
ISBN: 7-03-013899-6
000 00508nam0 2200181 450
001 0736196517
005 20070924100316.51
010    @a7-03-013899-6@d¥34.00
100    @a20070924d km y0chiy0120 ea
101 0  @achi
200 1  @a旅游资源开发@Alu you zi yuan kai fa@f马耀峰 等编@Fma yao feng deng bian
210    @a北京@c科学出版社@d2007.10
215    @d16开
606 0  @a旅游经济
690    @aF590-3@v3
701  0 @a马耀峰@Ama yao feng@4编
801  0 @aCN@bPFT@c20070924
905    @a213230@dF590-3@eZY106@f1
    
    旅游资源开发/马耀峰 等编.-北京:科学出版社,2007.10
    16开
    
    
    ISBN 7-03-013899-6:¥34.00
    
●
相关链接 在E读中查询图书 在五车中查询图书 在当当中查询图书 在豆瓣中查询图书


正题名:旅游资源开发     索取号:F590-3/ZY106         预约/预借

序号 登录号 条形码 馆藏地/架位号 状态 备注
1 7901794   279017948   密集书库-资源管理系/ [索取号:F590-3/ZY106] 在馆    
唐山师范学院图书馆 欢迎您!
大连网信软件有限公司© 版权所有